| 000 | 00494nam a2200181Ia 4500 | ||
|---|---|---|---|
| 005 | 20250326125410.0 | ||
| 008 | 250326s9999 xx 000 0 und d | ||
| 037 | _aTextbook | ||
| 040 |
_aFMSL _beng _cFMSL |
||
| 041 |
_aeng _2eng |
||
| 084 |
_aX9W M5;1 _qFMSL |
||
| 100 |
_aDrucker P F _9735093 |
||
| 245 | 0 |
_aInnovation and enterpreneurship _cDrucker P F |
|
| 260 |
_aLondon _bLondon, Heinemann _c1985 |
||
| 300 | _a258p | ||
| 942 |
_cTB _hX9W M5;1 |
||
| 999 |
_c1277888 _d1277888 |
||